LEADER 01279nam a2200313 u 4500 001 000000056823 003 CaOOAMICUS 005 20070226120521.0 008 010420s1977 it u000 u ita u 035 $a10886181 040 $aPUL(R)$bita 041 1 $aita$heng 100 1 $aTawney, R. H.$q(Richard Henry),$d1880-1962.$0(OLS)http://pul/name/9967 245 13$aLa religione e la genesi del capitalismo :$bstudio storico /$cRichard H. Tawney ; nota introduttiva di Charles Gore. 250 $a2. ed. 260 $aMilano :$bFeltrinelli,$c1977. 300 $a263 p. ;$c20 cm 490 1 $aSC/10 ;$v15 650 4$aCapitalismo.$0(OLS)http://pul/subject/7257 650 4$aProtestantesimo.$0(OLS)http://pul/subject/447 700 1 $aGore, Charles,$d1853-1932.$0(OLS)http://pul/name/39805 830 0$aSC/10 ;$v15.$0(OLS)http://pul/title/20708 850 $aPUL 852 $aPUL$W1$xDP1 Altre Collocazioni$y17$mSenza collocazione$j12$nBK-PRI$b $qStampati$B74463$CPULBib$Z2$F74463 $H $81 941 1 $a8 960 $aRiforma$9447 960 $aRiforma$9447 996 $6245$aLa religione e la genesi del capitalismo :$bstudio storico$9(OLS)http://pul/title/20707 996 $6260$aMilano :$bFeltrinelli$9(OLS)http://pul/publisher/48846 LEADER 01499nam a2200313 u 4500 001 000000058597 003 CaOOAMICUS 005 20070226120717.0 008 010608s1995 it u000 u ita u 020 $a884204623X 035 $a10891883 040 $aPUL(R)$bita 041 1 $aita$hger 100 1 $aSchelling, Friedrich Wilhelm Joseph von,$d1775-1854.$0(OLS)http://pul/name/19344 245 10$aLettere filosofiche su dommatismo e criticismo ; :$bNuova deduzione del diritto naturale /$cFriedrich W.J. Schelling ; a cura di Giuseppe Semerari. 260 $aRoma :$bLaterza,$c1995. 300 $axxxiv, 147 p. ;$c18 cm 490 1 $aUniversale Laterza ;$v760 650 4$aIdealismo.$0(OLS)http://pul/subject/1790 650 4$aFilosofia.$0(OLS)http://pul/subject/362 700 1 $aSemerari, Giuseppe.$0(OLS)http://pul/name/35924 700 12$aSchelling, Friedrich Wilhelm Joseph von,$d1775-1854$tNuova deduzione del diritto naturale.$0(OLS)http://pul/name/40620 830 0$aUniversale Laterza ;$v760.$0(OLS)http://pul/title/569 850 $aPUL 852 $aPUL$W1$xDP1 Altre Collocazioni$y17$mSenza collocazione$j12$nBK-PRI$b $qStampati$B76535$CPULBib$Z2$F76535 $H $81 941 1 $a8 996 $6020$a884204623X$9(OLS)http://pul/number/74312 996 $6245$aLettere filosofiche su dommatismo e criticismo ; :$bNuova deduzione del diritto naturale$9(OLS)http://pul/title/78497 996 $6260$aRoma :$bLaterza$9(OLS)http://pul/publisher/47864 LEADER 01486nam a2200361 a 4500 001 000000168197 003 CaOOAMICUS 005 20180613101325.0 008 180613s2018 it u000 u ita r 020 $a978-88-372-3188-0* 032 $aLibriCat 040 $aPUL$bita 041 1 $aita$hger 100 1 $aGuardini, Romano,$csacerdote,$d1885-1968.$0(OLS)http://pul/name/10232 240 10$aHeilige Gestalt.$lItaliano.$0(OLS)http://pul/title/208435 245 12$aI santi e san Francesco /$cRomano Guardini ; a cura di Milena Mariani. 260 $aBrescia :$bMorcelliana,$c2018. 300 $a151 p. ;$c19 cm. 490 1 $aOpere di Romano Guardini 500 $aInclude indice. 504 $aBibliografia in nota. 600 04$aFranciscus Assisiensis,$cs.,$d1182-1226.$0(OLS)http://pul/subject/518 650 4$aSanti.$0(OLS)http://pul/subject/20 700 1 $aMariani, Milena.$0(OLS)http://pul/name/70409 830 0$aOpere di Romano Guardini.$0(OLS)http://pul/title/35127 850 $aPUL 852 $aPUL$W1$xSL Religione 2$y84$mTheol D3 3.41$j191747$qStampati Altre Collocazioni$B196079$CPULBib$Z2$F196079 $H131005 $81 941 1 $a10 960 $aFrancesco d'Assisi,$cs.,$d1182-1226$9518 996 $6020$a978-88-372-3188-0*$9(OLS)http://pul/number/164309 996 $6245$aI santi e san Francesco$9(OLS)http://pul/title/208436 996 $6260$aBrescia :$bMorcelliana$9(OLS)http://pul/publisher/47854